000 00612nam a2200229Ia 4500
003 OSt
005 20221007080544.0
006 a|||||r|||| 00| 0
007 ta
008 221006b |||||||| |||| 00| 0 eng d
024 _a20,125
037 _cTextual
040 _aFLL
_cFLL
_beng
041 _2eng
_aeng
082 _aV2:19.N7, M1
100 _aGupta Sisir
245 0 _aIndian and the international system
260 _aNew Delhi
_bVikas Publishing House Pvt. Ltd. India
_c1981
300 _a384p
_ccm.
942 _hV2:19.N7, M1
_cTEXL
_2CC
999 _c1160079
_d1160079